Central Library OPAC University of Rajshahi

রাজনীতিবিদগণ / (Record no. 39786)

MARC details
000 -LEADER
fixed length control field 00811nam a2200229 a 4500
001 - CONTROL NUMBER
control field 39786
003 - CONTROL NUMBER IDENTIFIER
rucl marc code BD-RjUL
005 - DATE AND TIME OF LATEST TRANSACTION
control field 20211209053045.0
008 - FIXED-LENGTH DATA ELEMENTS--GENERAL INFORMATION
fixed length control field 160418r20132000 ||||e |||| 00| 0 d
020 ## - INTERNATIONAL STANDARD BOOK NUMBER
International Standard Book Number 9789844014671
Terms of availability : TK.300.00
035 ## - SYSTEM CONTROL NUMBER
System control number (BD-RjUL)39899
040 ## - CATALOGING SOURCE
Original cataloging agency BD-RjUL
Language of cataloging ben
Transcribing agency BD-RjUL
041 ## - LANGUAGE CODE
Language code of text/sound track or separate title ben
082 ## - DEWEY DECIMAL CLASSIFICATION NUMBER
Edition number 23
Classification number 891.443
Author mark and year AZR 2013
100 ## - MAIN ENTRY--PERSONAL NAME
Personal name আজাদ, হুমায়ুন
9 (RLIN) 121924
245 10 - TITLE STATEMENT
Title রাজনীতিবিদগণ /
Statement of responsibility, etc. হুমায়ুন আজাদ
260 ## - PUBLICATION, DISTRIBUTION, ETC. (IMPRINT)
Place of publication, distribution, etc. ঢাকা :
Name of publisher, distributor, etc. আগামী প্রকাশনী,
Date of publication, distribution, etc. ২০০০ [মুদ্রণ ২০১৩]
300 ## - PHYSICAL DESCRIPTION
Pagination ১৪৪ পৃ. ;
Size ২২ সেমি.
650 ## - SUBJECT ADDED ENTRY--TOPICAL TERM
Topical term or geographic name as entry element বাংলা উপন্যাস
9 (RLIN) 122572
Topical term or geographic name as entry element Bengali Fiction
9 (RLIN) 122573
942 ## - ADDED ENTRY ELEMENTS (KOHA)
Source of classification or shelving scheme Dewey Decimal Classification
Koha item type Books
Holdings
Lost status Source of classification or shelving scheme Damaged status Not for loan Collection code Permanent Location Current Location Shelving location Date acquired Source of acquisition Cost, normal purchase price Total Checkouts Full call number Date last seen Copy number Koha item type Total Renewals Date checked out
  Dewey Decimal Classification   Not For Loan Fiction Central Library, University of Rajshahi Central Library, University of Rajshahi Reading Room 13/04/2016 Biddasagor, Rajshahi 300.00   B 891.443 AZR 2013 18/04/2016 C-1 Books    
  Dewey Decimal Classification     Fiction Central Library, University of Rajshahi Central Library, University of Rajshahi   13/04/2016 Biddasagor, Rajshahi 300.00 18 B 891.443 AZR 2013 12/09/2019 C-2 Books 1 25/08/2019